000 00639nam a2200241Ia 4500
003 OSt
005 20221005073011.0
006 a|||||r|||| 00| 0
007 ta
008 221004b |||||||| |||| 00| 0 eng d
024 _a54659
037 _cTextual
040 _aCRL
_cCRL
_beng
041 _2eng
_aeng
082 _aV2y7M95, M4
100 _aDiwakar R R Ed.
245 0 _aVinoba
_b The spiritual revolutionary
260 _aNew Delhi
_bGandhi Peace Foundation
_c1984
300 _a222p.
_ccm.
650 _aINDIA - HISTORY
942 _hV2y7M95, M4
_cTEXL
_2cc
999 _c980390
_d980390